LEADER 01351nam2 2200337 450 001 000030663 005 20120830081937.0 010 $a88-435-3560-9 100 $a20120130d1991----km-y0itaa50------ba 101 0 $aita 102 $aIT 200 1 $a<> Ottocento$f[a cura di Enrico Castelnuovo]$g[saggi di Gioacchino Barbera ... et al.] 205 $aRiedizione accresciuta e aggiornata 210 $aMilano$cElecta$d1991 215 $a2 volumi$cill.$d30 cm. 300 $aIn custodia 327 1 $aTomo 1. - 1991. - 468 p.$aTomo 2. - 1991. - P. 469-1117 461 1$1001000007379$12001$aLa pittura in Italia 702 1$aCastelnuovo,$bEnrico 702 1$aBarbera,$bGioacchino 801 0$aIT$bUniversità della Basilicata - B.I.A.$gRICA$2unimarc 912 $a000030663 996 $aOttocento$965615 997 $aUNIBAS BAS $aLETTERE CAT $aSTD076$b01$c20120130$lBAS01$h0956 CAT $aSTD076$b01$c20120130$lBAS01$h0959 CAT $aTTM$b30$c20120830$lBAS01$h0819 FMT Z30 -1$lBAS01$LBAS01$mBOOK$1BASA1$APolo Storico-Umanistico$2DSLA$BCollezione DiSSLA$3DD/3683/1$63683.1$5D3683/1$820120130$e468$f04$FPrestabile Didattica$hTomo 1. Z30 -1$lBAS01$LBAS01$mBOOK$1BASA1$APolo Storico-Umanistico$2DSLA$BCollezione DiSSLA$3DD/3683/2$63683.2$5D3683/2$820120130$e469-1117$f04$FPrestabile Didattica$hTomo 2.